[Event "MCR druzstev mladsich zaku 2016"]
[Site "Hradec Kralove"]
[Date "2016.06.12"]
[Round "2.3"]
[White "Gnojek (BSS F-M \"A\"), Petr"]
[Black "Sichrovsky (Novy Bor), Tomas"]
[Result "1-0"]
[BlackElo "1411"]
[WhiteElo "1748"]
[LiveChessVersion "1.4.8"]

1. d4 {[%clk 0:25:18]} Nf6 {[%clk 0:25:16]} 2. c4 e6 {[%clk 0:25:20]} 3. Nc3
{[%clk 0:25:34]} c5 {[%clk 0:25:24]} 4. Nf3 {[%clk 0:25:22]} Be7 {[%clk 0:25:08]}
5. Bf4 {[%clk 0:25:14]} O-O {[%clk 0:24:50]} 6. e3 {[%clk 0:25:17]} d6
{[%clk 0:24:17]} 7. Be2 {[%clk 0:25:09]} d5 {[%clk 0:23:36]} 8. O-O
{[%clk 0:25:04]} a6 {[%clk 0:23:02]} 9. Qd2 {[%clk 0:24:07]} Nc6 {[%clk 0:22:56]}
10. Rfd1 {[%clk 0:23:35]} cxd4 {[%clk 0:22:19]} 11. Nxd4 {[%clk 0:23:05]} Nxd4
{[%clk 0:21:31]} 12. Qxd4 {[%clk 0:22:50]} b6 {[%clk 0:20:34]} 13. cxd5
{[%clk 0:22:16]} exd5 {[%clk 0:19:53]} 14. Nxd5 {[%clk 0:21:39]} Nxd5
{[%clk 0:19:17]} 15. Qxd5 {[%clk 0:21:25]} Qxd5 {[%clk 0:19:07]} 16. Rxd5
{[%clk 0:21:32]} Be6 {[%clk 0:18:51]} 17. Rd2 {[%clk 0:21:10]} Bb4
{[%clk 0:18:33]} 18. Rc2 {[%clk 0:21:06]} b5 {[%clk 0:18:09]} 19. a3
{[%clk 0:21:05]} Be7 {[%clk 0:18:08]} 20. Rac1 {[%clk 0:20:44]} Rfc8
{[%clk 0:17:56]} 21. h3 {[%clk 0:19:37]} Rxc2 {[%clk 0:17:24]} 22. Rxc2
{[%clk 0:19:44]} Rc8 {[%clk 0:17:30]} 23. Rd2 {[%clk 0:17:55]} f6
{[%clk 0:16:44]} 24. Bf3 {[%clk 0:17:38]} Re8 {[%clk 0:15:33]} 25. Bb7
{[%clk 0:17:01]} Bc8 {[%clk 0:15:25]} 26. Bd5+ {[%clk 0:15:29]} Kf8
{[%clk 0:15:10]} 27. Bc7 {[%clk 0:15:11]} g6 {[%clk 0:14:34]} 28. Bc6
{[%clk 0:15:11]} f5 {[%clk 0:13:44]} 29. Bxe8 {[%clk 0:14:18]} Kxe8
{[%clk 0:13:51]} 30. Kf1 {[%clk 0:14:08]} Be6 {[%clk 0:13:37]} 31. Ke2
{[%clk 0:13:56]} h5 {[%clk 0:13:18]} 32. Bd6 {[%clk 0:13:04]} Bg5
{[%clk 0:12:55]} 33. Bb4 {[%clk 0:12:41]} Bc4+ {[%clk 0:12:46]} 34. Ke1
{[%clk 0:12:28]} Bd8 {[%clk 0:12:24]} 35. Rd6 {[%clk 0:12:17]} a5
{[%clk 0:12:10]} 36. Bc3 {[%clk 0:11:29]} g5 {[%clk 0:10:26]} 37. Bf6
{[%clk 0:11:27]} Bxf6 {[%clk 0:10:21]} 38. Rxf6 {[%clk 0:11:35]} Bd3
{[%clk 0:10:30]} 39. Kd2 {[%clk 0:11:43]} Bb1 {[%clk 0:10:28]} 40. Rb6
{[%clk 0:11:46]} b4 {[%clk 0:10:30]} 41. axb4 {[%clk 0:11:51]} axb4
{[%clk 0:10:37]} 42. Rxb4 {[%clk 0:11:59]} Be4 {[%clk 0:10:33]} 43. Rxe4+
{[%clk 0:12:04]} fxe4 {[%clk 0:10:41]} 44. Kc3 {[%clk 0:12:05]} Ke7
{[%clk 0:10:41]} 45. Kd4 {[%clk 0:12:13]} Ke6 {[%clk 0:10:47]} 46. Kxe4
{[%clk 0:12:20]} g4 {[%clk 0:10:53]} 47. hxg4 {[%clk 0:12:25]} hxg4
{[%clk 0:11:01]} 48. f4 gxf3 {[%clk 0:11:08]} 49. gxf3 {[%clk 0:12:37]} Kf6
{[%clk 0:11:13]} 50. b4 {[%clk 0:12:45]} Ke6 {[%clk 0:11:20]} 51. b5
{[%clk 0:12:54]} 1-0

[Event "MCR druzstev mladsich zaku 2016"]
[Site "Hradec Kralove"]
[Date "2016.06.12"]
[Round "2.4"]
[White "Dolensky (Novy Bor), Filip"]
[Black "Vantuch (BSS F-M \"A\"), Lucian"]
[Result "0-1"]
[BlackElo "1736"]
[WhiteElo "1572"]
[LiveChessVersion "1.4.8"]

1. e4 {[%clk 0:25:18]} c5 {[%clk 0:25:19]} 2. Nc3 {[%clk 0:25:25]} Nc6
{[%clk 0:25:26]} 3. g3 {[%clk 0:25:24]} g6 {[%clk 0:25:25]} 4. Bg2
{[%clk 0:25:22]} Bg7 {[%clk 0:25:32]} 5. f4 {[%clk 0:25:24]} e6 {[%clk 0:25:26]}
6. Nf3 {[%clk 0:25:15]} Nge7 {[%clk 0:24:45]} 7. d3 {[%clk 0:25:04]} O-O
{[%clk 0:24:37]} 8. O-O {[%clk 0:24:56]} d5 {[%clk 0:24:33]} 9. e5
{[%clk 0:24:44]} f6 {[%clk 0:22:48]} 10. Qe2 {[%clk 0:23:43]} a6 {[%clk 0:20:32]}
11. Nd1 {[%clk 0:23:03]} Qc7 {[%clk 0:20:14]} 12. Re1 {[%clk 0:22:51]} fxe5
{[%clk 0:19:56]} 13. fxe5 {[%clk 0:22:53]} Nf5 {[%clk 0:19:30]} 14. Bf4
{[%clk 0:22:52]} Bd7 {[%clk 0:18:28]} 15. c3 {[%clk 0:22:42]} Rac8
{[%clk 0:17:38]} 16. Ne3 {[%clk 0:21:57]} Nxe3 {[%clk 0:17:24]} 17. Qxe3
{[%clk 0:22:02]} Qb6 {[%clk 0:17:00]} 18. b3 {[%clk 0:21:59]} d4 {[%clk 0:16:04]}
19. cxd4 {[%clk 0:21:55]} cxd4 {[%clk 0:15:25]} 20. Qd2 {[%clk 0:21:54]} Qb5
{[%clk 0:14:47]} 21. Re2 {[%clk 0:21:33]} Rfd8 {[%clk 0:13:14]} 22. Rae1
{[%clk 0:21:14]} Bf8 {[%clk 0:11:49]} 23. Rd1 {[%clk 0:20:06]} Rc7
{[%clk 0:08:46]} 24. Bh6 {[%clk 0:18:56]} Bg7 {[%clk 0:08:20]} 25. Qg5
{[%clk 0:18:26]} Rf8 {[%clk 0:07:56]} 26. Bxg7 {[%clk 0:18:01]} Kxg7
{[%clk 0:08:04]} 27. Nh4 {[%clk 0:17:17]} Be8 {[%clk 0:06:49]} 28. Re4
{[%clk 0:15:34]} Rcf7 {[%clk 0:06:06]} 29. Nf3 {[%clk 0:11:09]} Rxf3
{[%clk 0:06:07]} 30. Bxf3 {[%clk 0:11:11]} Rxf3 {[%clk 0:06:16]} 31. Rf4
{[%clk 0:10:03]} Qxe5 {[%clk 0:06:16]} 32. Qg4 {[%clk 0:09:02]} Rxf4
{[%clk 0:05:00]} 33. gxf4 {[%clk 0:09:07]} Qh5 {[%clk 0:05:09]} 34. Qxh5
{[%clk 0:08:31]} gxh5 {[%clk 0:05:17]} 35. Re1 {[%clk 0:08:39]} Kf6
{[%clk 0:05:26]} 36. Kf2 {[%clk 0:08:48]} Bg6 {[%clk 0:05:29]} 37. Rd1
{[%clk 0:08:09]} Nb4 {[%clk 0:05:07]} 38. Ke2 {[%clk 0:08:03]} Nxa2
{[%clk 0:05:07]} 0-1

[Event "MCR druzstev mladsich zaku 2016"]
[Site "Hradec Kralove"]
[Date "2016.06.12"]
[Round "2.5"]
[White "Fizerova (BSS F-M \"A\"), Lucie"]
[Black "Habenicht (Novy Bor), Martin"]
[Result "0-1"]
[BlackElo "1264"]
[WhiteElo "1496"]
[LiveChessVersion "1.4.8"]

1. e4 {[%clk 0:25:18]} d6 {[%clk 0:25:18]} 2. d4 {[%clk 0:25:23]} Nf6
{[%clk 0:25:23]} 3. Nc3 {[%clk 0:25:30]} g6 {[%clk 0:25:28]} 4. f3
{[%clk 0:25:30]} Bg7 {[%clk 0:25:32]} 5. Be3 {[%clk 0:25:37]} O-O
{[%clk 0:25:33]} 6. Qd2 {[%clk 0:25:44]} Nbd7 {[%clk 0:25:31]} 7. Bh6
{[%clk 0:25:24]} e5 {[%clk 0:24:12]} 8. Nge2 {[%clk 0:24:47]} Qe7
{[%clk 0:22:03]} 9. O-O-O {[%clk 0:24:46]} a6 {[%clk 0:21:29]} 10. g4
{[%clk 0:24:32]} Nb6 {[%clk 0:20:08]} 11. dxe5 {[%clk 0:22:43]} dxe5
{[%clk 0:19:39]} 12. Ng3 {[%clk 0:22:42]} Be6 {[%clk 0:17:44]} 13. h4
{[%clk 0:21:17]} Rfd8 {[%clk 0:17:06]} 14. Qg2 {[%clk 0:21:16]} Bxh6+
{[%clk 0:16:53]} 15. g5 {[%clk 0:21:22]} Bg7 {[%clk 0:16:27]} 16. gxf6
{[%clk 0:21:28]} Qxf6 {[%clk 0:16:30]} 17. Bd3 {[%clk 0:20:46]} c5
{[%clk 0:15:38]} 18. h5 {[%clk 0:20:42]} c4 {[%clk 0:15:40]} 19. Be2
{[%clk 0:20:45]} Rxd1+ {[%clk 0:13:26]} 20. Bxd1 {[%clk 0:20:39]} Qf4+
{[%clk 0:13:14]} 21. Kb1 {[%clk 0:20:41]} Rd8 {[%clk 0:12:30]} 22. Qf2
{[%clk 0:14:57]} Rd6 {[%clk 0:10:34]} 23. hxg6 {[%clk 0:09:08]} fxg6
{[%clk 0:10:19]} 24. Nge2 {[%clk 0:07:37]} Qf7 {[%clk 0:08:05]} 25. f4
{[%clk 0:05:32]} Nd7 {[%clk 0:06:07]} 26. Qh2 {[%clk 0:03:53]} h5
{[%clk 0:05:53]} 27. Rg1 {[%clk 0:02:53]} Kh7 {[%clk 0:04:30]} 28. Qg3
{[%clk 0:01:47]} Bg4 {[%clk 0:03:58]} 29. Nd5 {[%clk 0:01:12]} exf4
{[%clk 0:03:18]} 30. Nexf4 {[%clk 0:01:05]} Be5 {[%clk 0:03:22]} 31. Bxg4
{[%clk 0:00:30]} hxg4 {[%clk 0:02:35]} 32. Qh4+ {[%clk 0:00:24]} Kg8
{[%clk 0:01:35]} 33. Qxg4 {[%clk 0:00:28]} Bxf4 {[%clk 0:01:30]} 34. Nxf4
{[%clk 0:00:32]} Ne5 {[%clk 0:01:30]} 35. Qc8+ {[%clk 0:00:22]} Kg7
{[%clk 0:01:27]} 36. Ne2 {[%clk 0:00:18]} Qd7 {[%clk 0:01:09]} 37. Qxd7+
{[%clk 0:00:23]} Rxd7 {[%clk 0:01:17]} 38. Nf4 {[%clk 0:00:29]} Rd6
{[%clk 0:01:23]} 39. Nd5 {[%clk 0:00:35]} b5 {[%clk 0:01:18]} 40. Kc1
{[%clk 0:00:36]} Kf7 {[%clk 0:01:20]} 41. Kd2 {[%clk 0:00:40]} Nf3+
{[%clk 0:01:28]} 42. Ke3 {[%clk 0:00:45]} Nxg1 {[%clk 0:01:35]} 43. Kf4
{[%clk 0:00:48]} Ne2+ {[%clk 0:01:40]} 44. Ke3 {[%clk 0:00:52]} Ng3
{[%clk 0:01:30]} 45. Kf4 {[%clk 0:00:55]} Nh5+ {[%clk 0:01:38]} 46. Ke5
{[%clk 0:01:01]} Re6+ {[%clk 0:01:19]} 47. Kd4 {[%clk 0:01:07]} Nf6
{[%clk 0:01:23]} 48. Nxf6 {[%clk 0:01:01]} Kxf6 {[%clk 0:01:30]} 49. b3
{[%clk 0:01:08]} Kg5 {[%clk 0:01:25]} 50. Kd5 {[%clk 0:01:15]} Re8
{[%clk 0:01:21]} 51. bxc4 {[%clk 0:01:21]} bxc4 {[%clk 0:01:29]} 52. Kxc4
{[%clk 0:01:13]} Rxe4+ {[%clk 0:01:38]} 53. Kc5 {[%clk 0:01:21]} Ra4
{[%clk 0:01:46]} 54. c4 {[%clk 0:01:29]} Rxa2 {[%clk 0:01:54]} 55. Kb6
{[%clk 0:01:38]} Rc2 {[%clk 0:01:58]} 56. c5 {[%clk 0:01:47]} Rxc5
{[%clk 0:02:05]} 57. Kxc5 {[%clk 0:01:56]} Kf4 {[%clk 0:02:14]} 58. Kb4
{[%clk 0:02:04]} g5 {[%clk 0:02:23]} 59. Kc3 {[%clk 0:02:13]} Ke3
{[%clk 0:02:30]} 60. Kc4 {[%clk 0:02:21]} g4 {[%clk 0:02:39]} 61. Kd5
{[%clk 0:02:30]} Kf3 {[%clk 0:02:47]} 62. Ke5 {[%clk 0:02:38]} g3
{[%clk 0:02:56]} 63. Kd4 {[%clk 0:02:47]} g2 {[%clk 0:03:05]} 64. Kd3
{[%clk 0:02:55]} g1=Q {[%clk 0:03:11]} 65. Kc4 {[%clk 0:03:03]} Qc1+
{[%clk 0:03:19]} 66. Kb4 {[%clk 0:03:12]} Qe3 {[%clk 0:03:25]} 67. Ka5
{[%clk 0:03:20]} Qc5+ {[%clk 0:03:31]} 68. Kxa6 {[%clk 0:03:27]} Qb4
{[%clk 0:03:40]} 69. Ka7 {[%clk 0:03:36]} Qb5 {[%clk 0:03:48]} 70. Ka8
{[%clk 0:03:45]} Ke4 {[%clk 0:03:57]} 71. Ka7 {[%clk 0:03:54]} Kd5
{[%clk 0:04:06]} 72. Ka8 {[%clk 0:04:02]} Kc6 {[%clk 0:04:15]} 73. Ka7
{[%clk 0:04:11]} Qb7# 0-1

[Event "MCR druzstev mladsich zaku 2016"]
[Site "Hradec Kralove"]
[Date "2016.06.12"]
[Round "2.6"]
[White "Kulasova (Novy Bor), Nikola"]
[Black "Fizer (BSS F-M \"A\"), Marek"]
[Result "0-1"]
[BlackElo "1522"]
[WhiteElo "1000"]
[LiveChessVersion "1.4.8"]

1. d4 {[%clk 0:25:18]} f5 {[%clk 0:25:18]} 2. Nf3 {[%clk 0:25:25]} Nf6
{[%clk 0:25:22]} 3. Nc3 {[%clk 0:25:33]} g6 {[%clk 0:25:24]} 4. e3
{[%clk 0:25:38]} Bg7 {[%clk 0:25:13]} 5. Bd3 {[%clk 0:25:38]} O-O
{[%clk 0:25:07]} 6. O-O {[%clk 0:25:44]} d6 {[%clk 0:24:41]} 7. Nb5
{[%clk 0:25:24]} Nbd7 {[%clk 0:24:31]} 8. Bd2 {[%clk 0:25:30]} e5
{[%clk 0:24:34]} 9. Bc4+ {[%clk 0:25:18]} Kh8 {[%clk 0:24:22]} 10. Ng5
{[%clk 0:25:01]} Nb6 {[%clk 0:22:39]} 11. Be6 {[%clk 0:24:53]} c6
{[%clk 0:21:39]} 12. Nc3 {[%clk 0:24:35]} Qe7 {[%clk 0:21:06]} 13. Bxc8
{[%clk 0:24:26]} Raxc8 {[%clk 0:21:08]} 14. Qf3 {[%clk 0:24:04]} Nfd5
{[%clk 0:19:54]} 15. Nxd5 {[%clk 0:23:26]} Nxd5 {[%clk 0:19:46]} 16. e4
{[%clk 0:23:03]} fxe4 {[%clk 0:18:09]} 17. Qxe4 {[%clk 0:22:48]} Nf4
{[%clk 0:17:24]} 18. Nf3 {[%clk 0:22:21]} d5 {[%clk 0:17:13]} 19. Qe3
{[%clk 0:21:17]} e4 {[%clk 0:16:16]} 20. g3 {[%clk 0:20:47]} Nh3+
{[%clk 0:16:15]} 21. Kh1 {[%clk 0:20:33]} Rxf3 {[%clk 0:16:18]} 22. Qe2
{[%clk 0:19:53]} Bxd4 {[%clk 0:16:19]} 23. Be3 {[%clk 0:19:09]} Bg7
{[%clk 0:15:00]} 24. Kg2 {[%clk 0:18:53]} Qd7 {[%clk 0:14:32]} 25. Bxa7
{[%clk 0:18:40]} Qg4 {[%clk 0:14:34]} 26. Bc5 {[%clk 0:17:54]} Nf4+
{[%clk 0:14:41]} 27. Kh1 {[%clk 0:17:20]} Nxe2 {[%clk 0:14:44]} 28. Rfe1
{[%clk 0:16:44]} Rxf2 {[%clk 0:14:47]} 29. Bxf2 {[%clk 0:16:35]} Qf3# 0-1

[Event "MCR druzstev mladsich zaku 2016"]
[Site "Hradec Kralove"]
[Date "2016.06.12"]
[Round "2.7"]
[White "Nemecek (Ricany A), Lukas"]
[Black "Stalmach (BSS F-M \"B\"), Richard"]
[Result "0-1"]
[BlackElo "1843"]
[WhiteElo "1522"]
[LiveChessVersion "1.4.8"]

1. e4 {[%clk 0:25:02]} e6 {[%clk 0:25:19]} 2. d4 {[%clk 0:25:01]} d5
{[%clk 0:25:27]} 3. exd5 {[%clk 0:25:02]} exd5 {[%clk 0:25:35]} 4. c4
{[%clk 0:25:08]} c6 {[%clk 0:21:22]} 5. Nc3 {[%clk 0:24:35]} Bf5 {[%clk 0:21:07]}
6. Nf3 {[%clk 0:23:26]} g6 {[%clk 0:20:11]} 7. Bf4 {[%clk 0:21:33]} Nf6
{[%clk 0:15:30]} 8. Qb3 {[%clk 0:16:15]} Qb6 {[%clk 0:13:32]} 9. Qxb6
{[%clk 0:14:54]} axb6 {[%clk 0:13:41]} 10. cxd5 {[%clk 0:14:51]} cxd5
{[%clk 0:13:41]} 11. Bb5+ {[%clk 0:14:40]} Bd7 {[%clk 0:13:23]} 12. O-O
{[%clk 0:11:45]} Bg7 {[%clk 0:12:16]} 13. Bd6 {[%clk 0:11:00]} Kd8
{[%clk 0:09:30]} 14. Ng5 {[%clk 0:08:29]} Be6 {[%clk 0:07:59]} 15. Nxe6+
{[%clk 0:06:48]} fxe6 {[%clk 0:08:08]} 16. Rfe1 {[%clk 0:06:53]} Nc6
{[%clk 0:05:59]} 17. Rxe6 {[%clk 0:05:33]} Kd7 {[%clk 0:05:17]} 18. Rae1
{[%clk 0:03:03]} Rhe8 {[%clk 0:05:25]} 19. Be7 {[%clk 0:01:54]} Bf8
{[%clk 0:04:00]} 20. Rxf6 {[%clk 0:01:20]} Rxe7 {[%clk 0:03:57]} 21. Rxe7+
{[%clk 0:01:22]} Bxe7 {[%clk 0:04:04]} 22. Rf7 {[%clk 0:01:28]} Ke6
{[%clk 0:04:11]} 23. Rxh7 {[%clk 0:01:19]} Nxd4 {[%clk 0:04:18]} 24. Bd3
{[%clk 0:00:58]} Bb4 {[%clk 0:03:45]} 25. Rxb7 {[%clk 0:00:46]} Bc5
{[%clk 0:02:42]} 26. Bxg6 {[%clk 0:00:34]} Rf8 {[%clk 0:02:38]} 0-1

[Event "MCR druzstev mladsich zaku 2016"]
[Site "Hradec Kralove"]
[Date "2016.06.12"]
[Round "2.8"]
[White "Nytra (BSS F-M \"B\"), Ondrej"]
[Black "Macok (Ricany A), Martin"]
[Result "1-0"]
[BlackElo "1419"]
[WhiteElo "1773"]
[LiveChessVersion "1.4.8"]

1. e4 {[%clk 0:25:19]} c5 {[%clk 0:25:17]} 2. Nf3 {[%clk 0:25:28]} d6
{[%clk 0:25:25]} 3. d4 {[%clk 0:25:36]} cxd4 {[%clk 0:25:33]} 4. Nxd4
{[%clk 0:25:44]} Nf6 {[%clk 0:25:41]} 5. Nc3 {[%clk 0:25:53]} g6 {[%clk 0:25:50]}
6. Be2 {[%clk 0:26:01]} Bg7 {[%clk 0:25:44]} 7. O-O {[%clk 0:26:04]} O-O
{[%clk 0:25:43]} 8. Kh1 {[%clk 0:26:12]} Bd7 9. f4 {[%clk 0:26:14]} Nc6
{[%clk 0:24:34]} 10. Nb3 {[%clk 0:26:21]} a6 {[%clk 0:23:56]} 11. Qe1
{[%clk 0:26:19]} Nb4 {[%clk 0:21:38]} 12. Qd1 {[%clk 0:26:05]} Rc8
{[%clk 0:20:41]} 13. a3 {[%clk 0:26:11]} Nc6 {[%clk 0:20:37]} 14. Qe1
{[%clk 0:26:07]} Bg4 {[%clk 0:18:50]} 15. Bxg4 {[%clk 0:25:25]} Nxg4
{[%clk 0:18:56]} 16. Qh4 {[%clk 0:25:24]} Nf6 {[%clk 0:18:43]} 17. Be3
{[%clk 0:25:00]} Qd7 {[%clk 0:17:37]} 18. f5 {[%clk 0:24:44]} Ne5
{[%clk 0:17:01]} 19. Rad1 {[%clk 0:24:11]} Nc4 {[%clk 0:15:55]} 20. Bc1
{[%clk 0:23:30]} Nh5 {[%clk 0:14:35]} 21. Nd5 {[%clk 0:22:00]} Nf6
{[%clk 0:13:28]} 22. Nd4 Nxd5 {[%clk 0:12:18]} 23. exd5 {[%clk 0:19:26]} Bf6
{[%clk 0:10:04]} 24. Qh3 {[%clk 0:17:10]} Ne5 {[%clk 0:08:19]} 25. Bh6
{[%clk 0:15:44]} Bg7 {[%clk 0:07:57]} 26. Rde1 {[%clk 0:14:49]} Rc7
{[%clk 0:06:08]} 27. Bxg7 {[%clk 0:12:27]} Kxg7 {[%clk 0:06:09]} 28. Qh4
{[%clk 0:09:33]} Qd8 {[%clk 0:04:21]} 29. fxg6 {[%clk 0:07:30]} hxg6
{[%clk 0:04:05]} 30. Qg5 {[%clk 0:05:31]} Kg8 {[%clk 0:02:05]} 31. Re4
{[%clk 0:03:11]} f6 {[%clk 0:01:30]} 32. Qh6 {[%clk 0:02:50]} Rf7
{[%clk 0:00:18]} 33. Rh4 {[%clk 0:02:15]} Rg7 34. Ne6 1-0

[Event "MCR druzstev mladsich zaku 2016"]
[Site "Hradec Kralove"]
[Date "2016.06.12"]
[Round "2.9"]
[White "Strnadova (Ricany A), Monika"]
[Black "Frank (BSS F-M \"B\"), Adam"]
[Result "0-1"]
[BlackElo "1815"]
[WhiteElo "1486"]
[LiveChessVersion "1.4.8"]

1. d4 {[%clk 0:25:19]} f5 {[%clk 0:25:19]} 2. Nf3 {[%clk 0:25:24]} Nf6
{[%clk 0:25:28]} 3. Bf4 {[%clk 0:25:28]} g6 {[%clk 0:25:35]} 4. e3
{[%clk 0:25:34]} Bg7 {[%clk 0:25:44]} 5. Bc4 {[%clk 0:25:23]} d5 {[%clk 0:25:52]}
6. Bb3 {[%clk 0:25:22]} O-O {[%clk 0:25:58]} 7. Nbd2 {[%clk 0:25:23]} c6
{[%clk 0:25:58]} 8. Ne5 {[%clk 0:24:41]} Nbd7 {[%clk 0:25:36]} 9. c4
{[%clk 0:23:18]} Qa5 {[%clk 0:24:12]} 10. O-O {[%clk 0:21:59]} Nxe5
{[%clk 0:23:13]} 11. Bxe5 {[%clk 0:20:36]} Be6 {[%clk 0:19:03]} 12. c5
{[%clk 0:19:52]} Bh6 {[%clk 0:17:32]} 13. h3 {[%clk 0:17:28]} Nd7
{[%clk 0:15:56]} 14. Bh2 {[%clk 0:17:12]} Bg7 {[%clk 0:14:58]} 15. Nf3
{[%clk 0:16:24]} Bf7 {[%clk 0:14:21]} 16. Ng5 {[%clk 0:16:10]} e5
{[%clk 0:13:20]} 17. Nxf7 {[%clk 0:15:38]} Kxf7 {[%clk 0:13:01]} 18. Qf3
{[%clk 0:14:01]} Kg8 {[%clk 0:12:29]} 19. Rfd1 {[%clk 0:12:02]} Kh8
{[%clk 0:11:29]} 20. Rac1 {[%clk 0:09:43]} Rae8 {[%clk 0:10:16]} 21. Qg3
{[%clk 0:06:59]} exd4 {[%clk 0:10:06]} 22. exd4 {[%clk 0:06:19]} Bxd4
{[%clk 0:10:11]} 23. Kh1 {[%clk 0:02:17]} Bg7 {[%clk 0:09:18]} 24. Rb1
{[%clk 0:01:00]} Nxc5 {[%clk 0:09:06]} 25. Bxd5 {[%clk 0:00:26]} cxd5
{[%clk 0:08:43]} 26. b4 {[%clk 0:00:35]} Qxa2 {[%clk 0:08:04]} 27. bxc5
{[%clk 0:00:43]} Re7 {[%clk 0:02:02]} 28. Qf3 {[%clk 0:00:46]} Rfe8
{[%clk 0:02:07]} 29. Bd6 {[%clk 0:00:34]} Re2 {[%clk 0:01:46]} 30. Qxd5
{[%clk 0:00:27]} Re1+ {[%clk 0:01:16]} 31. Kh2 {[%clk 0:00:27]} Qxd5
{[%clk 0:01:23]} 32. Rxd5 {[%clk 0:00:36]} Rxb1 {[%clk 0:01:32]} 33. Bf4
{[%clk 0:00:25]} Rb4 {[%clk 0:01:20]} 34. Bg3 {[%clk 0:00:23]} Rc4
{[%clk 0:01:24]} 35. Rd7 {[%clk 0:00:24]} Rxc5 {[%clk 0:01:27]} 36. Rxb7
{[%clk 0:00:32]} a5 {[%clk 0:01:31]} 37. Ra7 {[%clk 0:00:33]} Be5
{[%clk 0:01:39]} 38. Bxe5+ {[%clk 0:00:27]} Rcxe5 {[%clk 0:01:46]} 39. f4
{[%clk 0:00:33]} Rb5 {[%clk 0:01:55]} 40. Kg1 {[%clk 0:00:39]} Re1+
{[%clk 0:01:50]} 41. Kf2 {[%clk 0:00:46]} Ra1 {[%clk 0:01:58]} 42. g4
{[%clk 0:00:39]} fxg4 {[%clk 0:01:28]} 43. hxg4 {[%clk 0:00:48]} Rb3
{[%clk 0:01:33]} 44. f5 {[%clk 0:00:50]} Ra2+ {[%clk 0:01:41]} 45. Ke1
{[%clk 0:00:56]} Rb1# 0-1

[Event "MCR druzstev mladsich zaku 2016"]
[Site "Hradec Kralove"]
[Date "2016.06.12"]
[Round "2.10"]
[White "Odstrcil (BSS F-M \"B\"), Lukas"]
[Black "Hampl (Ricany A), David"]
[Result "0-1"]
[BlackElo "1390"]
[WhiteElo "1520"]
[LiveChessVersion "1.4.8"]

1. e4 {[%clk 0:25:18]} c5 {[%clk 0:25:19]} 2. Nf3 {[%clk 0:25:26]} d6
{[%clk 0:25:27]} 3. d4 {[%clk 0:25:34]} cxd4 {[%clk 0:25:35]} 4. Nxd4
{[%clk 0:25:41]} Nf6 {[%clk 0:25:43]} 5. Nc3 {[%clk 0:25:49]} g6 {[%clk 0:25:52]}
6. f3 {[%clk 0:25:42]} Bg7 {[%clk 0:25:56]} 7. Be3 {[%clk 0:25:48]} Nc6
{[%clk 0:26:03]} 8. Qd2 {[%clk 0:25:43]} Bd7 {[%clk 0:26:08]} 9. h4
{[%clk 0:25:37]} Rc8 {[%clk 0:26:09]} 10. g4 {[%clk 0:25:27]} h5 {[%clk 0:25:37]}
11. gxh5 {[%clk 0:24:52]} Nxh5 {[%clk 0:25:44]} 12. O-O-O {[%clk 0:24:45]} a6
{[%clk 0:25:44]} 13. Be2 {[%clk 0:24:16]} b5 {[%clk 0:25:39]} 14. Rdg1
{[%clk 0:21:46]} b4 {[%clk 0:25:22]} 15. Nd5 {[%clk 0:20:42]} a5 {[%clk 0:24:21]}
16. Nb3 {[%clk 0:20:31]} a4 {[%clk 0:23:24]} 17. Na1 {[%clk 0:15:21]} a3
{[%clk 0:22:23]} 18. bxa3 {[%clk 0:14:41]} Bxa1 {[%clk 0:22:14]} 19. Bb6
{[%clk 0:14:29]} Bc3 {[%clk 0:21:35]} 20. Qg5 {[%clk 0:12:53]} Bf6
{[%clk 0:20:24]} 21. Qg2 {[%clk 0:11:12]} Nf4 {[%clk 0:19:51]} 22. Qf2
{[%clk 0:10:31]} Bd4 {[%clk 0:19:12]} 23. Bxd4 {[%clk 0:09:05]} Nxe2+
{[%clk 0:19:12]} 24. Qxe2 {[%clk 0:09:03]} Nxd4 {[%clk 0:19:17]} 25. Qd3
{[%clk 0:08:40]} Nxc2 {[%clk 0:18:42]} 26. Kd1 {[%clk 0:08:43]} Ba4
{[%clk 0:18:31]} 27. Ke2 {[%clk 0:08:35]} Qd7 {[%clk 0:17:55]} 28. Kf2
{[%clk 0:08:22]} bxa3 {[%clk 0:17:24]} 29. Nb6 {[%clk 0:07:29]} Qa7
{[%clk 0:17:09]} 30. Rb1 {[%clk 0:07:15]} O-O {[%clk 0:16:35]} 31. Kg3
{[%clk 0:07:12]} Rb8 {[%clk 0:16:03]} 32. Nd5 {[%clk 0:06:45]} Rxb1
{[%clk 0:16:02]} 33. Rxb1 {[%clk 0:06:52]} e6 {[%clk 0:14:19]} 34. Nf4
{[%clk 0:06:35]} Qd4 {[%clk 0:14:15]} 35. Qxd4 {[%clk 0:06:23]} Nxd4
{[%clk 0:14:10]} 36. Rb4 {[%clk 0:06:32]} e5 {[%clk 0:13:33]} 37. Nd5
{[%clk 0:06:24]} Bb5 {[%clk 0:13:05]} 38. Nc7 {[%clk 0:06:10]} Rb8
{[%clk 0:12:38]} 39. f4 {[%clk 0:05:59]} exf4+ {[%clk 0:12:35]} 40. Kxf4
{[%clk 0:06:06]} Ne6+ {[%clk 0:12:40]} 41. Nxe6 {[%clk 0:06:07]} fxe6
{[%clk 0:12:49]} 42. Kg5 {[%clk 0:06:16]} Kg7 {[%clk 0:12:39]} 43. Rb3
{[%clk 0:06:18]} Ra8 {[%clk 0:12:47]} 44. Rxb5 {[%clk 0:06:24]} Rc8
{[%clk 0:12:28]} 45. Rb7+ {[%clk 0:06:24]} Kg8 {[%clk 0:11:56]} 46. Kxg6
{[%clk 0:06:27]} d5 {[%clk 0:11:27]} 47. e5 {[%clk 0:05:32]} d4 {[%clk 0:11:24]}
48. Rd7 {[%clk 0:05:36]} Kf8 {[%clk 0:11:09]} 49. Kf6 {[%clk 0:05:33]} Ke8
{[%clk 0:11:06]} 50. Kxe6 {[%clk 0:05:02]} Rc6+ {[%clk 0:10:55]} 51. Rd6
{[%clk 0:04:54]} Rxd6+ {[%clk 0:10:33]} 52. exd6 {[%clk 0:05:02]} d3
{[%clk 0:10:42]} 53. h5 {[%clk 0:05:11]} d2 {[%clk 0:10:51]} 54. h6 d1=Q
{[%clk 0:10:58]} 55. h7 {[%clk 0:05:28]} Qh5 {[%clk 0:10:56]} 56. d7+
{[%clk 0:05:35]} Kd8 {[%clk 0:11:03]} 57. Kd6 {[%clk 0:05:39]} Qxh7
{[%clk 0:11:08]} 58. Kc6 {[%clk 0:05:47]} Qxd7+ {[%clk 0:11:16]} 59. Kc5
{[%clk 0:05:55]} Qd2 {[%clk 0:11:20]} 60. Kc4 {[%clk 0:06:04]} Qxa2+
{[%clk 0:11:28]} 61. Kc3 {[%clk 0:06:13]} Qb2+ {[%clk 0:11:36]} 62. Kd3
{[%clk 0:06:21]} a2 {[%clk 0:11:45]} 63. Kc4 {[%clk 0:06:30]} a1=R
{[%clk 0:11:51]} 64. Kd5 {[%clk 0:06:39]} Qb4 {[%clk 0:11:58]} 65. Ke5
{[%clk 0:06:48]} Ra5+ {[%clk 0:12:07]} 66. Kf6 {[%clk 0:06:56]} Qb6+
{[%clk 0:12:15]} 67. Kf7 {[%clk 0:07:05]} Ra7+ {[%clk 0:12:24]} 68. Kg8
{[%clk 0:07:13]} Kc7 {[%clk 0:12:26]} 69. Kf7 {[%clk 0:07:20]} Kc6+
{[%clk 0:12:33]} 70. Kf6 {[%clk 0:07:28]} Kb5+ {[%clk 0:12:38]} 71. Ke5
{[%clk 0:07:36]} Ka5 {[%clk 0:12:45]} 72. Kf5 {[%clk 0:07:42]} Rc7
{[%clk 0:12:53]} 73. Ke5 {[%clk 0:07:46]} Rc5+ {[%clk 0:13:02]} 74. Kd4
{[%clk 0:07:55]} Qb4+ {[%clk 0:13:10]} 75. Kd3 {[%clk 0:08:03]} Rc3+
{[%clk 0:13:19]} 76. Ke2 {[%clk 0:08:12]} Qb2+ {[%clk 0:13:27]} 77. Kf1
{[%clk 0:08:21]} Rc1# 0-1